000 00738nam a22002537a 4500
001 2031
005 20241121150536.0
020 _a9781407114569
040 _aFISKH
_beng
_cFISKH
_dFISKH
082 _a001.5
100 _aKimpton, Diana
_d1931-2013
245 _aCracking codes /
_cDiana Kimpton illustrated by Mike Phillips
260 _aLondon :
_bScholastic,
_c2010
300 _a158 pages :
_c20 cm
505 _aU
520 _aThis book tells the history of computing using comic book illustrations and humor.
521 _a830
_bLexile
521 _aU
_bRaz-Plus
650 _aComputers
650 _aHistory of computers
650 _aComputing
700 _aPhillips, Mike
_cIllustrator
942 _2ddc
_cBK
_n0
999 _c2031
_d2031